Ako na Windows

Salvato in:
Dettagli Bibliografici
Autore principale: Moravčíková, Ľudmila
Altri autori: Môťovský, Martin
Natura: Libro
Lingua:slovacco
Pubblicazione: Praha Grada 1992
Edizione:1. vyd.
Serie:Nestůjte za dveřmi
Soggetti:
Tags: Aggiungi Tag
Nessun Tag, puoi essere il primo ad aggiungerne!!

MARC

LEADER 00000nam a2200000 4500
001 c003621
005 20221214085231.9
020 |a 80-85623-42-0 
041 0 |a slo 
044 |a CZ 
245 1 0 |a Ako na Windows  |c Ľudmila Moravčíková, Martin Môťovský 
250 |a 1. vyd. 
264 1 |a Praha  |b Grada  |c 1992 
300 |a 117 s. 
490 1 |a Nestůjte za dveřmi 
830 0 |a Nestůjte za dveřmi 
610 2 0 |a DOS 
610 2 0 |a WINDOWS 
610 2 0 |a trh 
610 2 0 |a programovanie 
610 2 0 |a jazyky programovacie 
610 2 0 |a modely 
100 1 |a Moravčíková, Ľudmila 
700 1 |a Môťovský, Martin